名前に「城」がつく駅 - Statistics

General Stats
  • This quiz has been taken 40 times
  • The average score is 41 of 93
Answer Stats
Hint Answer % Correct
多賀城市 多賀城
97%
安城市 三河安城
91%
安城市 安城
91%
城陽市 城陽
91%
大阪市 大阪城公園
91%
都城市 都城
88%
新城市 新城
85%
坂城町 坂城
82%
大野城市 大野城
82%
結城市 結城
79%
稲城市 稲城
79%
名古屋市 名古屋城
79%
安城市 新安城
79%
小城市 小城
79%
都城市 西都城
76%
多賀城市 国府多賀城
71%
稲城市 稲城長沼
68%
安城市 南安城
68%
大阪市 大阪城北詰
68%
安城市 北安城
65%
結城市 東結城
62%
葛城市 磐城
59%
庄原市 東城
59%
京都市 二条城前
56%
日野市 平山城址公園
53%
川崎市 武蔵新城
53%
広島市 城北
53%
棚倉町 磐城棚倉
50%
塙町 磐城塙
50%
上田市 城下
50%
岡山市 城下
50%
大分市 高城
50%
石川町 磐城石川
47%
浅川町 磐城浅川
47%
千葉市 千城台
47%
世田谷区 成城学園前
47%
四日市市 山城
47%
松島町 高城町
44%
豊岡市 城崎温泉
44%
久留米市 大城
44%
伊東市 城ヶ崎海岸
41%
高知市 高知城前
41%
北九州市 城野
41%
北九州市 城野
41%
青森市 津軽新城
38%
千葉市 千城台北
38%
松戸市 小金城趾
38%
新城市 長篠城
38%
奈良市 平城
38%
南相馬市 磐城太田
35%
南砺市 城端
35%
福井市 福井城址大名町
35%
城陽市 山城青谷
35%
井手町 山城多賀
35%
大阪市 城北公園通
35%
奈良市 平城山
35%
庄原市 備後西城
35%
大野城市 水城
35%
佐久市 龍岡城
32%
浜松市 城西
32%
仙台市 宮城野原
29%
みどり市 赤城
29%
名古屋市 名城公園
29%
前橋市 城東
26%
白馬村 神城
26%
甲賀市 水口城南
26%
篠栗町 城戸南蔵院前
26%
築上町 築城
26%
熊本市 熊本城・市役所前
26%
仙台市 宮城野通
24%
矢祭町 磐城石井
24%
宇都宮市 飛山城跡
24%
大多喜町 城見ヶ丘
24%
新城市 野田城
24%
多気町 外城田
24%
南阿蘇村 阿蘇下田城
24%
薩摩川内市 薩摩高城
24%
田村市 磐城常葉
21%
糸魚川市 頸城大野
21%
白馬村 南神城
21%
橿原市 坊城
21%
西予市 伊予石城
21%
北九州市 本城
21%
薩摩川内市 隈之城
21%
中之条町 市城
18%
出雲崎町 小木ノ城
18%
富山市 城川原
18%
名古屋市 金城ふ頭
18%
津市 家城
18%
郡山市 磐城守山
15%
名古屋市 大森・金城学院前
15%
由利本荘市 岩城みなと
12%
熊本市 崇城大学前
12%
No matching quizzes found
Score Distribution
Percent of People with Each Score
Percentile by Number Answered
Your Score History
You have not taken this quiz